|
|
|
|
| LEADER |
00000nab a2200000 a 4500 |
| 001 |
vtls000686485 |
| 003 |
SK-MaSNL |
| 005 |
20260304092235.0 |
| 008 |
250425c1998 xo 0 slo |
| 015 |
|
|
|a SNBRB1999/02-03485
|
| 035 |
|
|
|a CLN000038652
|
| 035 |
|
|
|a urn:nbn:sk:snk-abai3u
|
| 035 |
|
|
|a (urnnbn)urn:nbn:sk:snk:ar-008g35
|
| 035 |
|
|
|a (uuid)7bcbee4e-9837-46e7-95de-ef39a14fddb2
|
| 040 |
|
|
|a SNKBUCL
|b slo
|c SNKBUCL
|e AACR2
|
| 041 |
0 |
|
|a cze
|
| 044 |
|
|
|a xo
|c SK
|
| 080 |
|
|
|a 616.831-005.1
|2 1997
|
| 245 |
0 |
0 |
|a Závislost mortality spontánních intrakraniálních hemoragií na velikosti, lokalizaci, chování hemoragie a na věku pacientů
|c R. Herzig ... [et al.]
|
| 300 |
|
|
|b Grafy, tab.
|
| 504 |
|
|
|a Res. angl., čes.
|
| 504 |
|
|
|a Bibliogr. odkazy
|
| 650 |
0 |
7 |
|a mozog
|x krvácanie
|2 snkbucl
|9 917128
|
| 650 |
0 |
7 |
|a krvácanie
|x mozog
|2 snkbucl
|9 889152
|
| 650 |
0 |
7 |
|a krvácanie intrakraniálne
|2 snkbucl
|9 917133
|
| 655 |
|
7 |
|a články z novín a časopisov
|2 snkbucl
|9 267496
|
| 700 |
1 |
|
|a Herzig, R.
|4 aut
|9 839815
|
| 700 |
1 |
|
|a Buřval, Stanislav
|4 aut
|9 12193
|
| 700 |
1 |
|
|a Vlachová, Ivanka
|4 aut
|9 11904
|
| 700 |
1 |
|
|a Urbánek, K.
|4 aut
|9 839821
|
| 700 |
1 |
|
|a Křupka, B.
|4 aut
|9 839816
|
| 773 |
0 |
|
|t Česká a slovenská neurologie a neurochirurgie
|g Roč. 61/94, č. 6 (1998), s. 312-320
|x 1210-7859
|
| 850 |
|
|
|a Slovenská národná knižnica
|
| 852 |
|
|
|a Slovenská národná knižnica
|
| 954 |
|
|
|a odborná, vedecká literatúra cudzojazyčná (svetová)
|2 lita
|
| 958 |
|
|
|a article14
|
| 958 |
|
|
|a OND
|
| 958 |
|
|
|a NB
|
| 958 |
|
|
|a EUIPO
|
| 999 |
|
|
|c 2818449
|d 2820379
|